Comuni della Sardegna - Statistics

Statistiche generali
  • Questo quiz è stato fatto 112 volte
    110 dall'ultimo reset
  • Il punteggio medio è 86 su 377
Statistiche sulle risposte
Risposta % Corretto
Cagliari
92%
Oristano
83%
Sassari
83%
Olbia
79%
Alghero
77%
Nuoro
77%
Quartu Sant'Elena
65%
Carbonia
58%
Iglesias
56%
Porto Torres
56%
Arzachena
48%
Tempio Pausania
48%
Assemini
46%
Bosa
46%
Budoni
46%
Decimomannu
46%
San Teodoro
46%
Stintino
46%
Tortolì
46%
Villasimius
46%
Macomer
44%
Selargius
44%
Barumini
42%
Bitti
40%
Carloforte
40%
Lanusei
40%
Sestu
40%
Aritzo
38%
Bono
38%
Sant'Antioco
38%
Abbasanta
37%
Cabras
37%
Desulo
37%
Elmas
37%
Fluminimaggiore
37%
Orgosolo
37%
Ozieri
37%
Perdasdefogu
37%
Quartucciu
37%
Villacidro
37%
Ales
35%
Arborea
35%
Arbus
35%
Baunei
35%
Castelsardo
35%
Dorgali
35%
Fonni
35%
Oliena
35%
Arzana
33%
Bonorva
33%
Buddusò
33%
Castiadas
33%
Decimoputzu
33%
Gavoi
33%
Gonnosfanadiga
33%
Isili
33%
Mara
33%
Muravera
33%
Ossi
33%
Palau
33%
Sini
33%
Tertenia
33%
Alà dei Sardi
31%
Calasetta
31%
Dolianova
31%
Gesturi
31%
Guspini
31%
Mamoiada
31%
Maracalagonis
31%
Orosei
31%
Pula
31%
Sanluri
31%
Sorso
31%
Bolotana
29%
Buggerru
29%
Cuglieri
29%
Domusnovas
29%
Golfo Aranci
29%
Gonnesa
29%
La Maddalena
29%
Orune
29%
Sinnai
29%
Borore
27%
Domus de Maria
27%
Fordongianus
27%
Ittiri
27%
Laconi
27%
Ovodda
27%
San Gavino Monreale
27%
Terralba
27%
Teulada
27%
Villasor
27%
Armungia
25%
Ballao
25%
Banari
25%
Belvì
25%
Benetutti
25%
Berchidda
25%
Calangianus
25%
Capoterra
25%
Chiaramonti
25%
Escalaplano
25%
Florinas
25%
Ghilarza
25%
Giba
25%
Girasole
25%
Lotzorai
25%
Lula
25%
Mandas
25%
Mogoro
25%
Nurri
25%
Ottana
25%
Pabillonis
25%
Samassi
25%
Sarroch
25%
Serdiana
25%
Siniscola
25%
Uta
25%
Villanovaforru
25%
Villaspeciosa
25%
Aggius
23%
Aglientu
23%
Badesi
23%
Bari Sardo
23%
Birori
23%
Bonnanaro
23%
Burgos
23%
Cheremule
23%
Donori
23%
Furtei
23%
Gairo
23%
Gergei
23%
Gonnosnò
23%
Ilbono
23%
Muros
23%
Nuxis
23%
Ollolai
23%
Oniferi
23%
Orroli
23%
San Sperate
23%
Santa Giusta
23%
Sardara
23%
Settimo San Pietro
23%
Seui
23%
Tissi
23%
Uri
23%
Valledoria
23%
Villagrande Strisaili
23%
Villamassargia
23%
Villaputzu
23%
Aidomaggiore
21%
Ardara
21%
Atzara
21%
Bessude
21%
Bidonì
21%
Bortigali
21%
Burcei
21%
Cardedu
21%
Cargeghe
21%
Codrongianos
21%
Dualchi
21%
Elini
21%
Gonnostramatza
21%
Guasila
21%
Irgoli
21%
Jerzu
21%
Lei
21%
Marrubiu
21%
Monserrato
21%
Monti
21%
Orani
21%
Ortacesus
21%
Ploaghe
21%
Portoscuso
21%
Sant'Anna Arresi
21%
Santu Lussurgiu
21%
Sennori
21%
Senorbì
21%
Serramanna
21%
Serrenti
21%
Siliqua
21%
Suelli
21%
Talana
21%
Thiesi
21%
Torralba
21%
Tuili
21%
Usini
21%
Villamar
21%
Austis
19%
Barrali
19%
Bonarcado
19%
Bortigiadas
19%
Bultei
19%
Collinas
19%
Erula
19%
Escolca
19%
Esporlatu
19%
Esterzili
19%
Galtellì
19%
Genoni
19%
Giave
19%
Gonnoscodina
19%
Illorai
19%
Ittireddu
19%
Loceri
19%
Lodè
19%
Lunamatrona
19%
Mores
19%
Musei
19%
Neoneli
19%
Nulvi
19%
Nuragus
19%
Nurallao
19%
Nuraminis
19%
Pattada
19%
Pau
19%
Perfugas
19%
Romana
19%
Sadali
19%
Samugheo
19%
San Giovanni Suergiu
19%
Santadi
19%
Sant'Andrea Frius
19%
Santa Teresa Gallura
19%
Sedilo
19%
Simaxis
19%
Sorgono
19%
Suni
19%
Tonara
19%
Tramatza
19%
Triei
19%
Ussassai
19%
Villasalto
19%
Villa San Pietro
19%
Anela
17%
Baradili
17%
Borutta
17%
Bottidda
17%
Cossoine
17%
Genuri
17%
Gesico
17%
Goni
17%
Guamaggiore
17%
Loculi
17%
Narcao
17%
Olmedo
17%
Olzai
17%
Oschiri
17%
Pompu
17%
Posada
17%
Riola Sardo
17%
San Vero Milis
17%
San Vito
17%
Scano di Montiferro
17%
Siligo
17%
Siurgus Donigala
17%
Tratalias
17%
Ulassai
17%
Uras
17%
Urzulei
17%
Villanova Monteleone
17%
Villaurbana
17%
Albagiara
15%
Bulzi
15%
Busachi
15%
Flussio
15%
Gadoni
15%
Laerru
15%
Masainas
15%
Meana Sardo
15%
Milis
15%
Nule
15%
Onanì
15%
Onifai
15%
Orotelli
15%
Ortueri
15%
Osidda
15%
Osilo
15%
Padru
15%
Paulilatino
15%
Pozzomaggiore
15%
San Basilio
15%
San Nicolò d'Arcidano
15%
San Nicolò Gerrei
15%
Serri
15%
Silius
15%
Sindia
15%
Soleminis
15%
Teti
15%
Tiana
15%
Torpè
15%
Tresnuraghes
15%
Tula
15%
Turri
15%
Vallermosa
15%
Villanovafranca
15%
Villanova Tulo
15%
Zeddiani
15%
Assolo
13%
Asuni
13%
Baratili San Pietro
13%
Baressa
13%
Bauladu
13%
Lodine
13%
Loiri Porto San Paolo
13%
Magomadas
13%
Martis
13%
Mogorella
13%
Monastir
13%
Monteleone Rocca Doria
13%
Morgongiori
13%
Noragugume
13%
Osini
13%
Padria
13%
Piscinas
13%
Putifigari
13%
Ruinas
13%
Samatzai
13%
Santa Maria Coghinas
13%
Sant'Antonio di Gallura
13%
Sedini
13%
Segariu
13%
Semestene
13%
Seneghe
13%
Seulo
13%
Siddi
13%
Solarussa
13%
Telti
13%
Tergu
13%
Tinnura
13%
Ussana
13%
Viddalba
13%
Villaperuccio
13%
Villa Verde
13%
Allai
12%
Ardauli
12%
Boroneddu
12%
Las Plassas
12%
Luogosanto
12%
Luras
12%
Masullas
12%
Narbolia
12%
Norbello
12%
Nurachi
12%
Ollastra
12%
Perdaxius
12%
Sarule
12%
Selegas
12%
Sennariolo
12%
Siamaggiore
12%
Siamanna
12%
Siapiccia
12%
Sorradile
12%
Tadasuni
12%
Zerfaliu
12%
Curcuris
10%
Modolo
10%
Montresta
10%
Nughedu San Nicolò
10%
Nughedu Santa Vittoria
10%
Pimentel
10%
Sagama
10%
Silanus
10%
Siris
10%
Soddì
10%
Trinità d'Agultu e Vignola
10%
Ula Tirso
10%
Villa Sant'Antonio
10%
Nureci
8%
Setzu
8%
Simala
8%
Usellus
8%
Ussaramanna
8%
Villanova Truschedu
8%
Palmas Arborea
6%
Pauli Arbarei
6%
Senis
6%
Nessun quiz corrispondente trovato
Distribuzione punteggi
Percentuale di utenti per punteggio
Percentile per numero di risposta
I tuoi punteggi nel tempo
Non hai fatto questo quiz dall'ultimo reset